Probabilistic Risk Assessment and Management for Engineers and Scientist /
Contenido: Conceptos básicos del riesgo; Mecanismos de accidentes y administración del riesgo; Evaluación probabilística del riesgo; Construcción del árbol del daño; Aspectos cuantitativos del análisis de sistemas; Cuantificación de eventos básicos; Intervalos de confidencia; Aspectos cuantitativos...
-д хадгалсан:
| Үндсэн зохиолч: | |
|---|---|
| Бусад зохиолчид: | |
| Формат: | Ном |
| Хэл сонгох: | англи |
| Хэвлэсэн: |
Nueva York, EUA :
IEEE,
1996, c1996
|
| Хэвлэл: | 2a edición |
| Нөхцлүүд: | |
| Шошгууд: |
Шошго байхгүй, Энэхүү баримтыг шошголох эхний хүн болох!
|
MARC
| LEADER | 00000nam^a2200000^a^4500 | ||
|---|---|---|---|
| 001 | 000156683 | ||
| 005 | 20250521000000.0 | ||
| 009 | 20260310100511.652 | ||
| 020 | |a 0-7803-6017-6 | ||
| 037 | |a Acervo ITESO - Biblioteca | ||
| 041 | |a ING | ||
| 082 | |a 620. 00452 |b KUM | ||
| 100 | |a Kumamoto, Hiromitsu |e (autor) | ||
| 245 | 1 | 0 | |a Probabilistic Risk Assessment and Management for Engineers and Scientist / |c H. Kumamoto, E.J. Henley. |
| 250 | |a 2a edición | ||
| 264 | 4 | |a Nueva York, EUA : |b IEEE, |c 1996, c1996 | |
| 300 | |a XVII, 597 p. | ||
| 336 | |a texto |b txt |2 rdacontenido | ||
| 337 | |a sin mediación |b n |2 rdamedio | ||
| 338 | |a volumen |b nc |2 rdasoporte | ||
| 520 | |a Contenido: Conceptos básicos del riesgo; Mecanismos de accidentes y administración del riesgo; Evaluación probabilística del riesgo; Construcción del árbol del daño; Aspectos cuantitativos del análisis de sistemas; Cuantificación de eventos básicos; Intervalos de confidencia; Aspectos cuantitativos del sistema de análisis; Sistemas de cuantificación de eventos independientes; Confiabilidad humana; Cuantificación de la incertidumbre; Riesgos legales y regulatorios. | ||
| 649 | |a XX | ||
| 650 | |a Riesgo (Probabilidad) | ||
| 650 | |a Riesgos y Accidentes Laborales - |x Prevención | ||
| 650 | |a Confiabilidad | ||
| 650 | |a Seguridad Industrial - |x Administración | ||
| 650 | |a Salud Pública | ||
| 650 | |a Estimación de Parámetros | ||
| 650 | |a Distribución (Teoría de la Probabilidad) | ||
| 650 | |a Estadística Bayesiana | ||
| 650 | |a Modelos Matemáticos | ||
| 650 | |a Análisis de Sistemas | ||
| 650 | |a Matemáticas de Ingeniería | ||
| 650 | |a Probabilidad | ||
| 650 | |a Ciencias Administrativas | ||
| 650 | |a Ingeniería | ||
| 700 | |a Henley, Ernest J. |e (autor) | ||
| 910 | |a Fondo General | ||
| 920 | |a Impresos - Libros | ||
| 930 | |a Colección General | ||
| 905 | |a 101 | ||
| 901 | |a 0500085173 |b IT1 |c ACC |u 20250521 | ||
| 902 | |a https://opac.biblio.iteso.mx/vufind/Record/000156683 | ||